000 00706nam a2200193 u 4500
001 000309815
003 AM-YeHGA
005 20250617130306.0
008 040218s1987 ||||||||||||||||||||rus d
040 _aAM-YeHGA
041 0 _arus
100 1 _aЖурко, Вячеслав Феофанович.
245 1 0 _aАнализ хозяйственной деятельности в условиях АСУП /
_cВ.Ф. Журко, В.Д. Пантелеев.
260 _aМосква :
_bЭкономика,
_c1987.
300 _a263 с.
650 1 4 _aЭкономика народного хозяйства
700 1 _aПантелеев, Владимир Дмитриевич
090 _c115814
999 _c114474
_d114474